00518nam a2200133Ia 450000500170000000800410001702000150005808200130007310000160008624500740010226000340017630000180021050001560022820250116012100.0240331s9999 xx 000 0 und d a8185229473 bBANa934 aBannerji, H 0aInventing subjects :bstudies in hegemony, patriarchy and colonialism aNew DelhibTulika Booksc2001 aXii, 222 p ., aThis Book is a collection of essays written from a Marxist feminist perspective, seeking to make a contribution in the field of historical sociology.